Women's world: Women in resistance struggles in Odisha (Record no. 101135)

000 -LEADER
fixed length control field 00483pab a2200181 454500
008 - FIXED-LENGTH DATA ELEMENTS--GENERAL INFORMATION
fixed length control field 180718b2013 xxu||||| |||| 00| 0 eng d
100 ## - MAIN ENTRY--PERSONAL NAME
Personal name Padhi, Ranjana
245 ## - TITLE STATEMENT
Title Women's world: Women in resistance struggles in Odisha
260 ## - PUBLICATION, DISTRIBUTION, ETC.
Date of publication, distribution, etc. 2013
300 ## - PHYSICAL DESCRIPTION
Extent p.15-22.
362 ## - DATES OF PUBLICATION AND/OR SEQUENTIAL DESIGNATION
Dates of publication and/or sequential designation Aug
650 ## - SUBJECT ADDED ENTRY--TOPICAL TERM
Topical term or geographic name entry element Womens liberation movement - India - Odisha
650 ## - SUBJECT ADDED ENTRY--TOPICAL TERM
Topical term or geographic name entry element Womens liberation movement
700 ## - ADDED ENTRY--PERSONAL NAME
Personal name Pradhan, Pramodini
773 ## - HOST ITEM ENTRY
Main entry heading Mainstream
908 ## - PUT COMMAND PARAMETER (RLIN)
Put command parameter N
909 ## -
-- 101136
Holdings
Withdrawn status Lost status Damaged status Not for loan Permanent Location Current Location Date acquired Serial Enumeration / chronology Barcode Date last seen Price effective from Koha item type
        Indian Institute of Public Administration Indian Institute of Public Administration 2018-07-19 Volume no: 51, Issue no: 33 AR101596 2018-07-19 2018-07-19 Articles

Powered by Koha